Santos, duraznos y vino : migrantes mexicanos y la transformación de Los Haro, Zacatecas y Napa, California /

Saved in:
Bibliographic Details
Main Author: Nichols, Sandra L. (autor)
Format: Book
Language:Español
Published: México : Zacatecas, México : Miguel Angel Porrúa ; Universidad Autónoma de Zacatecas, 2006, c2006
Series:(América Latina y el Nuevo Orden Mundial)
Subjects:
Tags: Add Tag
No Tags, Be the first to tag this record!

MARC

LEADER 00000nam^a2200000^a^4500
001 000190154
005 20250521000000.0
009 20260310102439.945
020 |a 970-701-697-3 
037 |a Acervo ITESO - Biblioteca 
041 |a ESP 
082 |a 304. 8739419072435  |b NIC 
100 |a Nichols, Sandra L.  |e (autor) 
245 1 0 |a Santos, duraznos y vino :  |b migrantes mexicanos y la transformación de Los Haro, Zacatecas y Napa, California /  |c S.L. Nichols. 
264 4 |a México :  |b Miguel Angel Porrúa ;  |a Zacatecas, México :  |b Universidad Autónoma de Zacatecas,  |c 2006, c2006 
300 |a 290 p. 
336 |a texto  |b txt  |2 rdacontenido 
337 |a sin mediación  |b n  |2 rdamedio 
338 |a volumen  |b nc  |2 rdasoporte 
440 1 |a (América Latina y el Nuevo Orden Mundial) 
649 |a XX 
650 |a Chicanos -  |z Napa, EUA -  |x Condiciones Sociales y Culturales 
650 |a Chicanos -  |z California, EUA -  |x Condiciones Sociales y Culturales 
650 |a Chicanos -  |x Condiciones Sociales y Culturales 
650 |a Migrantes Mexicanos -  |x Condiciones Sociales y Culturales 
650 |a Emigración -  |z Jerez, Zacatecas -  |x Historia -  |y 1946-2000 
650 |a Emigración -  |z Jerez, Zacatecas -  |x Historia -  |y Siglo XX 
650 |a Emigración -  |z México -  |x Historia -  |y 1946-2000 
650 |a Emigración -  |z México -  |x Historia -  |y Siglo XX 
650 |a Inmigración -  |z Napa, EUA -  |x Historia -  |y Siglo XX 
650 |a Inmigración -  |z California, EUA -  |x Historia -  |y Siglo XX 
650 |a Inmigración -  |z EUA -  |x Historia -  |y Siglo XX 
650 |a Migración -  |z Jerez, Zacatecas-Napa, EUA -  |x Historia -  |x Tema Principal 
650 |a Migración -  |z México-EUA -  |x Historia 
650 |a Ciclo Agrícola 
650 |a Agricultura -  |x Aspectos Económicos 
650 |a Agricultura -  |x Aspectos Sociales y Culturales 
650 |a Economía de la Tierra 
650 |a Granjas y Ranchos -  |z Jerez, Zacatecas 
650 |a Granjas y Ranchos -  |z México 
650 |a Vinos -  |z Napa, EUA -  |x Industria y Comercio 
650 |a Vinos -  |z California, EUA -  |x Industria y Comercio 
650 |a Vinos -  |z EUA -  |x Industria y Comercio 
650 |a Prácticas Culturales -  |z Jerez, Zacatecas 
650 |a Prácticas Culturales -  |z México 
650 |a Prácticas Culturales -  |z Napa, EUA 
650 |a Prácticas Culturales -  |z California, EUA 
650 |a Prácticas Culturales -  |z EUA 
650 |a Cambios Sociales y Culturales -  |z Jerez, Zacatecas 
650 |a Cambios Sociales y Culturales -  |z México 
650 |a Cambios Sociales y Culturales -  |z Napa, EUA 
650 |a Cambios Sociales y Culturales -  |z California, EUA 
650 |a Cambios Sociales y Culturales -  |z EUA 
650 |a Relaciones Interculturales -  |z Jerez, Zacatecas-Napa, EUA -  |x Historia 
650 |a Relaciones Interculturales -  |z México-EUA -  |x Historia 
650 |a Zonas Rurales -  |z Jerez, Zacatecas -  |x Condiciones Sociales y Culturales 
650 |a Zonas Rurales -  |z México -  |x Condiciones Sociales y Culturales 
650 |a Zonas Rurales -  |z Napa, EUA -  |x Condiciones Sociales y Culturales 
650 |a Zonas Rurales -  |z California, EUA -  |x Condiciones Sociales y Culturales 
650 |a Zonas Rurales -  |z EUA -  |x Condiciones Sociales y Culturales 
650 |a Sociología de la Economía 
650 |a Sociología de la Cultura 
910 |a Fondo General 
920 |a Impresos - Libros 
930 |a Colección General 
905 |a 101 
901 |a 0500133382  |b IT1  |c ACC  |d EG  |u 20250521 
902 |a https://opac.biblio.iteso.mx/vufind/Record/000190154